000 00838nam a2200253 4500
003 OSt
005 20260530113851.0
008 260420b1992 mx a|||| |||| 00| 0 spa d
020 _a9706250123
040 _aICI
_bspa
_cICI
050 _aHD69.P75
_b H3918
100 1 _aHaynes, Marion E.,
_931271
240 _aProject management
_lEspañol
245 1 0 _aAdministración de Proyectos
_bDesde la idea hasta la implantacion
_cMarion e. haynes ; tr. al español por Héctor g. Tejera
264 1 _bIberoamérica
_c1992
_aMéxico, d.f.
300 _a85 páginas
_b25.3 cm.
336 _atexto
_2rdacontent
337 _asin medio
_2rdamedia
338 _avolumen
_2rdacarrier
650 _aAdministración de proyectos
_931272
700 1 _aTejera, Héctor G.,
_etraductor
_931273
700 1 _aHaynes, Marion E.
_931271
942 _2ddc
_cBK
999 _c11467
_d11467